000 01907nam a2200541 4500
001 22015
003 VRT
005 20260317152708.0
008 200721s2019 xo g h 000 faslo d
020 _a9788081641954
_q(viazané)
035 _aa000664550
039 9 _a202202141358
_bAUTHORITY
_c202010051016
_dba00115
_c202009301245
_dargo
_c202007211314
_dhlavenkova
040 _aPPPK
_bslo
_cPPPK
_dUKB
_erda
041 1 _aslo
_heng
043 _ae-au---
_ae-gx---
044 _axo
_cSK
072 7 _a929
_xBiografie
_2konspekt
080 _a929
_22011
080 _a(=411.16)
_22011
080 _a323.28
_22011
080 _a323.12"1939/1945"
_22011
080 _a(436)
_22011
080 _a(430)
_22011
080 _a(092)
_22011
100 1 _aHahn Beer, Edith,
_d1914-2009
_4aut
240 1 4 _aThe nazi officer's wife.
_lSlovensky
245 1 0 _aManželka nacistického dôstojníka
_bpríbeh židovky, ktorá prežila hrôzy holokaustu
_cEdith Hahnová Beerová a Susan Dworkinová ; preložila Lenka Fifková Školníková
246 3 0 _aPríbeh židovky, ktorá prežila hrôzy holokaustu
246 1 _iObálkový podnázov:
_aSkutočný príbeh
250 _aVydanie prvé
264 1 _a[Bratislava]
_bMotýľ
_c2019
300 _a295 strán
_c21 cm
336 _atext
_btxt
_2rdacontent
337 _abez média
_bn
_2rdamedia
338 _azväzok
_bnc
_2rdacarrier
500 _aPreložené z angličtiny
500 _aMiesto vydania podľa NA ISBN
600 1 7 _aHahn Beer, Edith,
_d1914-2009
_2UKBPH
650 0 7 _aŽidia
_xperzekúcie
_y1939-1945
_2UKBPH
650 0 7 _aperzekúcie
_2SNKPH
650 0 7 _aholokaust (1939-1945)
_zNemecko
_2UKBPH
650 0 7 _aŽidia
_zRakúsko
_2UKBPH
655 7 _aautobiografie
_2UKBPH
700 1 _aDworkin, Susan,
_d1941-
_4aut
700 1 _aFifková Školníková, Lenka
_4trl
942 _2ddc
_cKLDO
_n0
949 _61800821677
_a33.D.44890
_bKD.2020-793
999 _c22015
_d22015